000 00711nas a2200229 4500
001 BR7001055
003 BR-BrBNA
005 20231205082320.0
007 ta
008 230509b bl.|||p| |||| 00| 00por d
040 _aBR-BrBNA
_bpor
_cBiblioteca Nacional de Agricultura
041 _a(Pt)
072 _aQ02
100 1 _aFonseca, H.
100 1 _aNery, H.D.
245 1 _aOcorrencia de aflatoxina em pastas de amendoim (Arachis hypogaea, L.)
650 _aPASTA DE AMENDOIM
650 _aAFLATOXINA
773 0 _tAnais da Escola Superior de Agricultura Luiz de Queiroz (Brazil)
_xISSN 0071-1276
_g(1970), v. 27 p. 181-190
_wBR7001055
909 _a202311
_bLúcia
_c55
_dLúcia Elande
942 _2AGRIS
_n0
_cANA
999 _c90819
_d90819